Determination of lithium. (Record no. 8136)

MARC details
000 -LEADER
fixed length control field 00744cam a22002291 4500
001 - CONTROL NUMBER
control field agr12001510
003 - CONTROL NUMBER IDENTIFIER
control field DLC
005 - DATE AND TIME OF LATEST TRANSACTION
control field 20260227110934.0
008 - FIXED-LENGTH DATA ELEMENTS--GENERAL INFORMATION
fixed length control field 891004s1912 dcu f000 0 eng c
010 ## - LIBRARY OF CONGRESS CONTROL NUMBER
LC control number agr12001510
035 ## - SYSTEM CONTROL NUMBER
System control number (OCoLC)20441777
040 ## - CATALOGING SOURCE
Original cataloging agency Library, U.S. Dept. of Agriculture
Transcribing agency WaU
Modifying agency WaU
-- DLC
042 ## - AUTHENTICATION CODE
Authentication code premarc
050 00 - LIBRARY OF CONGRESS CALL NUMBER
Classification number S585
Item number .A1 no. 153
100 1# - MAIN ENTRY--PERSONAL NAME
Personal name Skinner, William Woolford,
Dates associated with a name 1874-
245 00 - TITLE STATEMENT
Title Determination of lithium.
Statement of responsibility, etc. By W. W. Skinner and W. D. Collins.
260 ## - PUBLICATION, DISTRIBUTION, ETC.
Place of publication, distribution, etc. Washington,
Name of publisher, distributor, etc. Govt. print. off.,
Date of publication, distribution, etc. 1912.
300 ## - PHYSICAL DESCRIPTION
Extent 38 p.
Dimensions 23 cm.
410 10 - SERIES STATEMENT/ADDED ENTRY--CORPORATE NAME [OBSOLETE, CAN/MARC], [LOCAL, USA]
Corporate name or jurisdiction name as entry element United States.
Subordinate unit Bureau of Chemistry.
Title of a work Bulletin
Volume number/sequential designation no. 153
650 #0 - SUBJECT ADDED ENTRY--TOPICAL TERM
Topical term or geographic name entry element Lithium
General subdivision Determination.
700 1# - ADDED ENTRY--PERSONAL NAME
Personal name Collins, W. D.
Fuller form of name (William Dennis),
Dates associated with a name 1875-

No items available.

Powered by Koha